| 000 | 00722nam a2200241Ia 4500 | ||
|---|---|---|---|
| 003 | OSt | ||
| 005 | 20220926024742.0 | ||
| 006 | a|||||r|||| 00| 0 | ||
| 007 | ta | ||
| 008 | 220923b |||||||| |||| 00| 0 eng d | ||
| 037 | _cGeneral Book | ||
| 040 |
_aRTL _cRTL _beng |
||
| 041 |
_2eng _aeng |
||
| 082 | _aY:1.654.30.M36<--K00, L7 | ||
| 100 |
_aLaw Robin _9331394 |
||
| 245 | 0 |
_aOyo Empire _b c.1600-c.1836 A West African imperialism |
|
| 260 |
_aOxford _bClarendon Press _c1977 |
||
| 300 |
_axiv,340p _ccm. |
||
| 490 | _aOxford Studies in African Affairs | ||
| 500 | _aAppendix: P 313-325 | ||
| 942 |
_hY:1.654.30.M36<--K00, L7 _cGB _2CC |
||
| 999 |
_c645387 _d645387 |
||